000
00319nam a2200133Ia 4500
008
210210b1920 xxu||||| |||| 00| 0 eng d
041
_a
eng
082
_a
822/1226
100
_a
TREBLE (H A)
245
_a
Reynard the fox
260
_a
London
_b
Macmillan & Co. Ltd.
_c
1920
690
_a
English Prose
906
_a
013408
999
_c
132276
_d
132276